000 00710cam a2200193 a 4500
001 000005903
005 20200929151831.0
008 821014s1981 cl a 001 0bspa
040 _aDO-SdBNP
_bspa
_cBNPHU
082 _a928.87
_bB446A
100 1 _aÁvila Martel, Alamiro de,
_d1918-1990.
_916651
245 1 0 _aAndrés Bello :
_bbreve ensayo sobre su vida y su obra /
_cAlamiro de Ávila Martel; proyectó la edición, Macarena Varela.
260 _aSantiago, Chile :
_bUniversitaria,
_c1981.
300 _a99 p. :
_bil. ;
_c23 cm.
600 1 4 _aBELLO, ANDRÉS,
_d1781-1865.
_916652
650 4 _aAutores venezolanos
_ySIGLO XIX
_xBiografía
_916653
700 1 _aVarela, Macarena
_eed.
_916654
910 _aEn proceso
999 _c5699
_d5699